000 00332nam a22001457a 4500
008 250314b |||||||| |||| 00| 0 eng d
020 _a9780323680950
050 _aRJ511
_b.M67
100 _aMorrelli Joseph G
245 _aPediatric Dermatology
250 _a3rd
260 _aU.S
_bElsevier
_c2021
300 _a164p
942 _cBK
999 _c2339
_d2339